| 000 | 00650nam a2200193 a 4500 | ||
|---|---|---|---|
| 001 | 000025042 | ||
| 005 | 20200930023527.0 | ||
| 008 | 110209s1961 sp abc r 000 0 spa d | ||
| 040 |
_aDO-SdBNP _bspa _cBNPHU |
||
| 082 |
_axxxxx _bR988d |
||
| 100 | 1 |
_aRyan, Cornelius _951376 |
|
| 245 | 1 | 3 |
_aEl día más largo del siglo / _cCornelius Ryan ; traducción Ramón Gil Novales. |
| 260 |
_aBarcelona : _bGrijalbo Española, _c1961. |
||
| 300 |
_a253 p. : _bil., mapas., retrs. ; _c20.5 cm. |
||
| 500 | _aIncluye notas al pie de las páginas. | ||
| 534 |
_aTítulo original: _tThe longest day. |
||
| 700 | 1 |
_aNovales, Ramon Gil, _etr. _951377 |
|
| 049 | _aBNGR | ||
| 999 |
_c24535 _d24535 |
||